[Event "Wch U12"]
[Site "Heraklion"]
[Date "2002.11.21"]
[Round "7"]
[White "Lakhey, Subodh"]
[Black "Matlakov, Maxim"]
[Result "1/2-1/2"]
[WhiteElo "2007"]
[BlackElo "2312"]
[PlyCount "117"]
[EventDate "2002.11.15"]
[EventType "swiss"]
[EventRounds "11"]
[EventCountry "GRE"]
[SourceTitle "CBM 091 Extra"]
[Source "ChessBase"]
[SourceDate "2003.01.09"]
[SourceVersion "1"]
[SourceVersionDate "2003.01.09"]
[SourceQuality "1"]

1. Nf3 d5 2. g3 Bg4 3. Bg2 c6 4. d3 Nd7 5. Nbd2 Ngf6 6. 0-0 e6 7. h3 Bh5 8. c3 Be7 9. Qc2 0-0 10. g4 Bg6 11. Nh4 e5 12. Nxg6 hxg6 13. e3 Bd6 14. e4 Qe7 15. d4 exd4 16. cxd4 dxe4 17. Nxe4 Nxe4 18. Bxe4 Bc7 19. Rd1 Qd6 20. Bg2 Rfe8 21. Bg5 Nb6 22. Qc5 Qh2+ 23. Kf1 Bd6 24. Qc3 Bf4 25. Bxf4 Qxf4 26. Re1 Rad8 27. Rxe8+ Rxe8 28. Rd1 Qd6 29. b3 Rd8 30. Qa5 Nc8 31. Bf3 b6 32. Qa4 Ne7 33. Qc4 Qf6 34. Kg2 g5 35. Be4 Qd6 36. Qc1 Qf6 37. Qc4 Nd5 38. Bxd5 Rxd5 39. Qe2 Qd8 40. Rc1 Rxd4 41. Rxc6 Qd5+ 42. Qf3 Qxf3+ 43. Kxf3 Rd2 44. a4 Rd3+ 45. Kg2 Rxb3 46. Rc8+ Kh7 47. Rc7 a5 48. Rxf7 Rb4 49. Rb7 Kg6 50. Kg3 Kf6 51. Rc7 Rxa4 52. Rc6+ Kf7 53. Rxb6 Ra3+ 54. Kg2 a4 55. Rb5 Kg6 56. Rb6+ Kh7 57. Rb5 Kh6 58. Rb6+ g6 59. Rb7 1/2-1/2